Traité de la construction et des principaux usages des instrumens de mathématique (Record no. 5694)

MARC details
000 -CABECERA
campo de control de longitud fija 00883nam a2200253 a 4500
001 - NÚMERO DE CONTROL
campo de control BRCA_6005
005 - FECHA Y HORA DE LA ÚLTIMA TRANSACCIÓN
campo de control 20190320205309.0
008 - DATOS DE LONGITUD FIJA--INFORMACIÓN GENERAL
campo de control de longitud fija 310311s1752----fr-a######---#000-0#fre-#
041 ## - CÓDIGO DE LENGUA
Código de lengua del texto/banda sonora o título independiente fre
044 ## - CÓDIGO DEL PAÍS DE LA ENTIDAD EDITORA/PRODUCTORA
Código MARC del país fr
050 #4 - SIGNATURA TOPOGRÁFICA DE LA BIBLIOTECA DEL CONGRESO
Número de clasificación TA144
Número de documento/Ítem .B56 1752
100 1# - ENTRADA PRINCIPAL--NOMBRE DE PERSONA
Nombre de persona Bion, N.
Fechas asociadas al nombre 1652-1733
9 (RLIN) 15168
245 10 - MENCIÓN DE TÍTULO
Título Traité de la construction et des principaux usages des instrumens de mathématique
Resto del título avec les figures necessaires pour l’intelligence de ce traite. Dedie au Roy
Mención de responsabilidad, etc. par N. Bion.
250 ## - MENCIÓN DE EDICIÓN
Mención de edición 4
260 ## - PUBLICACIÓN, DISTRIBUCIÓN, ETC.
Lugar de publicación, distribución, etc. París
Nombre del editor, distribuidor, etc. Ch. A. Jombert et Nion Fils
Fecha de publicación, distribución, etc. 1752
300 ## - DESCRIPCIÓN FÍSICA
Extensión 448 p.
Otras características físicas il., 38 láminas
Dimensiones 26 cm.
500 ## - NOTA GENERAL
Nota general Estado físico: hoja 7 y 8 rotas
500 ## - NOTA GENERAL
Nota general G115
650 14 - PUNTO DE ACCESO ADICIONAL DE MATERIA--TÉRMINO DE MATERIA
Término de materia o nombre geográfico como elemento de entrada Ingeniería civil
Subdivisión cronológica Trabajos anteriores a 1850
9 (RLIN) 15169
650 14 - PUNTO DE ACCESO ADICIONAL DE MATERIA--TÉRMINO DE MATERIA
Término de materia o nombre geográfico como elemento de entrada Ingeniería
Subdivisión general Instrumentos
9 (RLIN) 15170
650 14 - PUNTO DE ACCESO ADICIONAL DE MATERIA--TÉRMINO DE MATERIA
Término de materia o nombre geográfico como elemento de entrada Geometría
Subdivisión cronológica Trabajos anteriores a 1850
9 (RLIN) 15171
902 ## - CATALOGADOR
Iniciales GFM
942 ## - ELEMENTOS DE PUNTO DE ACCESO ADICIONAL (KOHA)
Fuente del sistema de clasificación o colocación Library of Congress Classification
Tipo de ítem Koha Libros
Holdings
Estado de retiro Estado de pérdida Estado dañado No para préstamo Localización permanente Ubicación/localización actual Fecha de adquisición Número de inventario Total de préstamos Signatura topográfica completa Código de barras Fecha visto por última vez Precio válido a partir de Tipo de ítem Koha
El ejemplar forma parte de la colección y puede ser consultado según las políticas vigentes.       Biblioteca del Museo Franz Mayer (Rogerio Casas-Alatriste) Biblioteca del Museo Franz Mayer (Rogerio Casas-Alatriste) 31/03/2011 G115   TA144 .B56 1752 (G115) 6444 22/03/2019 22/03/2019 Libros